Score 0/20 Timer 04:00
5 Plays Today
Question Answer Wrong Answers
Immediate Simpson Family

Homer, Marge, Bart, Lisa
Maggie
93.7%
Abe
0.7%
Ralph
0.8%
Jessica
0.9%
Mystery Gang

Shaggy, Fred, Velma, Scooby
Daphne
92.3%
Felicity
0.8%
Darcy
1.5%
Dorothy
1.4%
New York Boroughs

Queens, Bronx, Manhattan, Brooklyn
Staten Island
87.1%
Kings
5.1%
Richmond
1.5%
Central
2.3%
Fingers

Ring, Pinky, Middle, Index
Thumb
84.4%
Little
4.4%
Pointing
3.7%
Fore
3.5%
Basketball Positions

Shooting Guard, Small Forward, Power Forward, Center
Point Guard
84.1%
Tight End
1.8%
Shooting Forward
8.3%
Wideout
1.7%
Great Lakes

Superior, Michigan, Ontario, Erie
Huron
83.7%
Winnipeg
3.6%
Madison
2.1%
Hudson
6.6%
Torah/Pentateuch

Numbers, Leviticus, Exodus, Genesis
Deuteronomy
73.5%
Chronicles
5%
Acts
7.2%
Proverbs
10.1%
Vertebrate Classifications

Birds, Fish, Mammals, Reptiles
Amphibians
72.9%
Insects
13.3%
Primates
9%
Marsupials
0.9%
Golden Ticket Finders

Charlie Bucket, Veruca Salt, Violet Beauregarde, Augustus Gloop
Mike Teavee
67.7%
Oompa Loompa
5.1%
Arthur Slugworth
17.8%
Joe Veadeo
5.2%
Starbucks Sizes

Tall, Grande, Venti, Short
Trenta
62.5%
Medium
17.2%
Gigantesco
5.7%
Corto
10.6%
Stages of Grief

Bargaining, Acceptance, Denial, Anger
Depression
61.2%
Blaming
18.9%
Crying
1.9%
Relief
13.9%
Oceans

Atlantic, Pacific, Indian, Arctic
Southern
61.1%
Caribbean
10.1%
Northern
8%
Mediterranean
16.9%
Marx Brothers

Groucho, Zeppo, Chico, Harpo
Gummo
60.3%
Dumbo
3.1%
Jimbo
11.4%
Lenno
20.9%
Original Super Mario Bros. Items

Coins, Super Star, Super Mushroom, Fire Flower
1-Up Mushroom
60.1%
Ice Flower
10.3%
Yoshi
19.8%
Raccoon Tail
5.6%
D's of Dodgeball

Dodge, Dip, Dive, Duck
Dodge
55.3%
Dash
16.4%
Defend
19.7%
Down
4.7%
Founding Jackson Five

Michael, Tito, Jermaine, Jackie
Marlon
49%
Randy
23%
Janet
17.5%
La Toya
6.7%
Permanent UN Security Council

United States, United Kingdom, Russia, France
China
43.7%
Germany
30.1%
Japan
9.9%
Canada
12.2%
Orbiting Space Shuttles

Discovery, Endeavour, Columbia, Challenger
Atlantis
36.4%
Pathfinder
10.9%
Enterprise
22.4%
Apollo
26.2%
Rivers of Hades

Hate, Woe, Oblivion, Fire
Lamentation
35.9%
Anger
8.5%
Greed
13.3%
Wrath
38.1%
Modern Pentathlon

Fencing, Swimming, Cross-Country, Shooting
Equestrian
30%
Archery
37.6%
Javelin
24%
Sailing
4.3%
Remove Ads.
Support Sporcle.
Get the best of Sporcle when you Go Orange. This ad-free experience offers more features, more stats, and more fun while also helping to support Sporcle. Thank you for becoming a member.

You're not logged in!

Compare scores with friends on all Sporcle quizzes.
OR
Log In

Show Comments

Extras

Top Quizzes Today


Score Distribution

Your Account Isn't Verified!

In order to create a playlist on Sporcle, you need to verify the email address you used during registration. Go to your Sporcle Settings to finish the process.

Report this User

Report this user for behavior that violates our Community Guidelines.

Details: